[Event "72nd RUS-ch Superfinal 2019"]
[Site "Izhevsk"]
[Date "2019.08.16"]
[Round "6.3"]
[White "Artemiev, Vladislav"]
[Black "Vitiugov, Nikita"]
[Result "0-1"]
[WhiteElo "2761"]
[BlackElo "2727"]
[Annotator "RC"]
[PlyCount "132"]
[EventDate "2019.08.10"]
[EventType "tourn"]
[EventCountry "RUS"]
[SourceTitle "playchess.com"]
[Source "ChessBase"]
[SourceQuality "1"]
[TimeControl "40/5400+30:1800+30"]

1. e4 {[%emt 0:00:00]} e5 {[%emt 0:00:00]} 2. Nf3 {[%emt 0:00:00]} Nc6 {[%emt 0:00:01]} 3. Nc3 {[%emt 0:00:19]} Nf6 {[%emt 0:00:08]} 4. Bb5 {[%emt 0:00:16]} Nd4 {[%emt 0:01:07]} 5. Bc4 {[%emt 0:00:20]} Bc5 {[%emt 0:01:13]} 6. O-O {[%emt 0:00:22]} d6 {[%emt 0:02:19]} 7. Nxd4 {[%emt 0:00:18]} Bxd4 {[%emt 0:00:40]} 8. d3 {[%emt 0:00:10]} Be6 {[%emt 0:09:12]} 9. Ne2 {[%emt 0:08:56]} Bb6 {[%emt 0:01:02]} 10. Ng3 {[%emt 0:00:10]} O-O {[%emt 0:03:50]} 11. Bb3 {[%emt 0:00:52]} a5 {[%emt 0:07:32]} 12. c3 {[%emt 0:10:49]} h6 {[%emt 0:01:19]} 13. h3 {[%emt 0:06:00]} d5 {[%emt 0:08:32]} 14. Qf3 {[%emt 0:07:11]} a4 {[%emt 0:01:36]} 15. Bc2 {[%emt 0:00:10]} Re8 {[%emt 0:00:47]} 16. Rd1 {[%emt 0:09:04]} d4 {[%emt 0:12:48]} 17. c4 {[%emt 0:03:11]} c6 {[%emt 0:02:23]} 18. Qe2 {[%emt 0:12:34]} Nd7 {[%emt 0:02:39]} 19. Bd2 {[%emt 0:01:26]} Ba5 {[%emt 0:03:18]} 20. b4 {[%emt 0:00:31]} axb3 {[%emt 0:00:12]} 21. axb3 {[%emt 0:00:06]} Bxd2 {[%emt 0:06:00]} 22. Qxd2 {[%emt 0:00:38]} Qb6 {[%emt 0:02:06]} 23. Qe1 {[%emt 0:08:22]} c5 {[%emt 0:05:45]} 24. Rdb1 {[%emt 0:02:03]} Qd6 {[%emt 0:02:15]} 25. Qc1 {[%emt 0:05:04]} Kh7 {[%emt 0:03:56]} 26. Ra3 {[%emt 0:02:47]} Reb8 {[%emt 0:03:56]} 27. Rba1 {[%emt 0:03:25]} Rxa3 {[%emt 0:00:55]} 28. Rxa3 {[%emt 0:00:09]} g6 {[%emt 0:02:57]} 29. Ra7 {[%emt 0:02:29]} Kg7 {[%emt 0:01:29]} 30. Kh2 {[%emt 0:02:19]} Nf6 {[%emt 0:01:29]} 31. Bd1 {[%emt 0:01:07]} Ng8 {[%emt 0:01:24]} 32. Be2 {[%emt 0:03:58]} Ne7 {[%emt 0:01:40]} 33. h4 {[%emt 0:02:02]} Nc6 {[%emt 0:01:01]} 34. Ra3 {[%emt 0:01:55]} Qd8 {[%emt 0:01:15]} 35. h5 {[%emt 0:00:07]} Ra8 {[%emt 0:01:22]} 36. hxg6 {[%emt 0:03:37]} fxg6 {[%emt 0:00:19]} 37. Rxa8 {[%emt 0:02:06]} Qxa8 {[%emt 0:00:01]} 38. Kg1 {[%emt 0:00:13]} Qa5 {[%emt 0:05:47]} 39. f4 {[%emt 0:00:59]} exf4 {[%emt 0:04:03]} 40. Qxf4 {[%emt 0:00:00]} Qd8 {[%emt 0:00:00]} 41. Nf1 {[%emt 0:09:46]} Qb8 {[%emt 0:04:15]} 42. Qh4 {[%emt 0:02:05]} Qe5 {[%emt 0:02:17]} 43. Nh2 {[%emt 0:07:02]} Qf6 {[%emt 0:02:31]} 44. Qg3 {[%emt 0:00:31]} Qe5 {[%emt 0:00:17]} 45. Qh4 {[%emt 0:00:20]} h5 {[%emt 0:09:28]} 46. Nf3 {[%emt 0:01:37]} Qf6 {[%emt 0:00:12]} 47. Qg3 {[%emt 0:06:26]} Bg4 {[%emt 0:00:41]} 48. Kf2 {[%emt 0:02:16]} Kh6 {[%emt 0:02:31]} 49. Qc7 {[%emt 0:00:42]} h4 {[%emt 0:05:42]} 50. Qxb7 {[%emt 0:00:37]} Bxf3 {[%emt 0:02:59]} 51. gxf3 {[%emt 0:00:05]} Qd6 {[%emt 0:01:50]} 52. e5 {[%emt 0:04:34]} Nxe5 {[%emt 0:00:16]} 53. f4 {[%emt 0:03:08]} Nd7 {[%emt 0:01:38]} 54. Bf3 {[%emt 0:00:36]} Nf6 {[%emt 0:01:46]} 55. Qf7 {[%emt 0:00:44]} h3 {[%emt 0:01:20]} 56. Kg3 {[%emt 0:00:51]} h2 {[%emt 0:00:49]} 57. Kxh2 {[%emt 0:00:33]} Qxf4+ {[%emt 0:00:05]} 58. Kg2 {[%emt 0:00:03]} Nh5 {[%emt 0:01:23]} 59. Qd5 {[%emt 0:00:54]} Qd2+ {[%emt 0:00:21]} 60. Kg1 {[%emt 0:00:15]} Qe1+ {[%emt 0:00:05]} 61. Kh2 {[%emt 0:00:07]} Qf2+ {[%emt 0:00:12]} 62. Bg2 {[%emt 0:00:12]} Nf4 {[%emt 0:00:21]} 63. Qa8 {[%emt 0:00:28]} Qxg2+ {[%emt 0:00:39]} 64. Qxg2 {[%emt 0:00:07]} Nxg2 {[%emt 0:00:03]} 65. Kxg2 {[%emt 0:00:10]} Kg5 {[%emt 0:00:28]} 66. Kg3 {[%emt 0:01:28]} Kf5 {[%emt 0:00:13]} 0-1

[Event "72nd RUS-ch Superfinal 2019"]
[Site "Izhevsk"]
[Date "2019.08.16"]
[Round "6.4"]
[White "Motylev, Alexander"]
[Black "Dreev, Aleksey"]
[Result "1/2-1/2"]
[WhiteElo "2654"]
[BlackElo "2655"]
[Annotator "TA"]
[PlyCount "72"]
[EventDate "2019.08.10"]
[EventType "tourn"]
[EventCountry "RUS"]
[SourceTitle "playchess.com"]
[Source "ChessBase"]
[SourceQuality "1"]

{[%evp 13,72,18,22,33,24,0,27,8,40,22,22,27,50,41,44,44,45,43,47,55,60,40,51,58,51,50,50,49,49,50,59,53,47,50,55,40,39,18,35,26,37,-64,-48,-67,-70,-72,0,0,0,0,0,0,0,0,0,0,0,0,0,0,0]} 1. e4 c5 2. Nf3 e6 3. d4 cxd4 4. Nxd4 Nf6 5. Nc3 Nc6 6. g3 Bb4 7. Bg2 O-O 8. O-O {B45: Sicilian Four Knights} d6 9. a4 $146 ({Predecessor:} 9. h3 a6 10. Nde2 Bc5 11. g4 Qc7 12. a4 b6 13. g5 Nd7 14. Nf4 Nde5 15. Nd3 Bb7 16. Nxc5 dxc5 {½-½ (23) Baklan,V (2656)-Krasenkow,M (2631) Koge 2014}) 9... Rb8 10. Ncb5 {White has an edge.} Nxd4 11. Nxd4 Bc5 12. c3 a6 13. b4 Ba7 14. Be3 Ra8 15. Nc2 {[%cal Bd4c2,Bc2e3,Be3f5][%mdl 32]} e5 16. Bxa7 Rxa7 17. Ne3 Be6 18. a5 Ra8 19. c4 Rc8 20. Qd3 Qc7 {[%cal Re6c4]} 21. Rfc1 Ng4 22. Nf5 Rfd8 23. h3 Bxf5 24. exf5 Nf6 25. Qe3 h6 26. g4 e4 27. f3 ({Wrong is} 27. Bxe4 $2 Re8 $19) (27. h4 $14) 27... exf3 $1 $15 28. Qxf3 d5 $1 29. c5 {[#]} Qe5 (29... Re8 $1 $17) 30. Qc3 $11 {The position is equal.} Qc7 31. Re1 Re8 32. Rad1 Rcd8 33. Rd3 Qf4 34. Rf1 Qc7 35. Re1 Qf4 36. Rf1 Qc7 {Accuracy: White = 63%, Black = 58%.} 1/2-1/2

[Event "72nd RUS-ch Superfinal 2019"]
[Site "Izhevsk"]
[Date "2019.08.16"]
[Round "6.5"]
[White "Predke, Alexandr"]
[Black "Sarana, Alexey"]
[Result "1/2-1/2"]
[WhiteElo "2632"]
[BlackElo "2640"]
[Annotator "TA"]
[PlyCount "134"]
[EventDate "2019.08.10"]
[EventType "tourn"]
[EventCountry "RUS"]
[SourceTitle "playchess.com"]
[Source "ChessBase"]
[SourceQuality "1"]

{[%evp 12,134,12,0,0,0,0,0,0,0,27,14,24,16,17,35,43,45,67,64,47,64,70,41,47,62,59,39,33,39,32,32,84,26,24,2,4,4,4,9,16,0,14,0,0,0,7,0,17,21,35,35,36,22,25,17,35,0,38,0,34,37,51,0,0,0,0,0,0,-13,0,0,0,0,0,0,0,0,0,0,5,0,0,0,0,0,0,0,0,-25,0,0,0,-10,0,0,0,-16,-33,-33,-35,-29,-28,-20,0,0,0,0,0,-11,0,-11,8,8,8,8,6,4,4,-8,-8,-8,-8,-11,-6]} 1. d4 Nf6 2. c4 e6 3. g3 Bb4+ 4. Nd2 d5 5. Bg2 O-O 6. Ngf3 dxc4 7. Qc2 a5 {E04: Open Catalan: 5 Nf3} 8. a3 Bxd2+ 9. Bxd2 b5 10. a4 Bb7 $146 ({Predecessor:} 10... c6 11. e4 e5 12. dxe5 Nfd7 13. Be3 Na6 14. O-O Ndc5 15. Rfd1 {½-½ (23) Tomashevsky,E (2702)-Ding,L (2774) Palma de Mallorca 2017}) 11. axb5 Qd5 12. O-O Qxb5 13. Qa4 Qxa4 14. Rxa4 Nbd7 15. Rxc4 Ba6 16. Rxc7 {aiming for Ne5.} Bxe2 17. Re1 Bxf3 18. Bxf3 Rab8 19. Bc3 Nb6 20. Bxa5 Nbd5 21. Rc2 Nb4 {[#]} ({Black should play} 21... Rb5 $14 22. Ra1 Rfb8) 22. Rd2 (22. Rc4 $1 $16 Nd3 23. Rb1) 22... Rfc8 $11 23. Re5 Nbd5 24. Ree2 Rc4 25. Kg2 h6 26. Rd3 Rb5 27. Be1 g5 28. h3 Kg7 29. Bd2 Rc8 30. Ra3 Rc4 31. Bc3 Rb8 32. Rd2 Rbc8 33. Rd3 Nb4 34. Rd2 {And now Be2 would win.} Nbd5 {[%cal Rd5c3]} 35. Rd3 Nb4 36. Rd1 {Strongly threatening Be2.} Nfd5 {[%cal Rd5c3]} 37. Bxd5 (37. Bd2 $14) 37... Nxd5 38. Rd3 Kg6 39. Rb3 h5 40. Kf3 Kf5 41. Ke2 g4 42. hxg4+ hxg4 43. Rb5 R4c7 44. Ra5 Rc6 45. Rb5 f6 46. Ra5 Ke4 {[%cal Rc6c3]} 47. Kd2 Rh8 48. Ra1 Rh2 49. Re1+ Kf5 50. Re2 Rc8 51. Kd1 Rh1+ 52. Re1 Rh2 53. Re2 Rc6 54. Kd2 Rh1 55. Re1 Rxe1 56. Kxe1 $15 {[%mdl 4096] Endgame KRB-KRN} Ke4 57. Ke2 Rb6 {The position is equal.} 58. Rd1 Ra6 59. Re1 Rc6 60. f3+ Kf5 61. Kf2 Ra6 62. fxg4+ Kxg4 63. Re4+ Kf5 64. Kf3 Rc6 65. Rh4 Nxc3 66. bxc3 Rxc3+ 67. Kf2 Rc2+ {Accuracy: White = 59%, Black = 59%.} 1/2-1/2

[Event "72nd RUS-ch Superfinal 2019"]
[Site "Izhevsk"]
[Date "2019.08.16"]
[Round "6.6"]
[White "Jakovenko, Dmitry"]
[Black "Alekseenko, Kirill"]
[Result "0-1"]
[WhiteElo "2711"]
[BlackElo "2650"]
[Annotator "TA"]
[PlyCount "78"]
[EventDate "2019.08.10"]
[EventType "tourn"]
[EventCountry "RUS"]
[SourceTitle "playchess.com"]
[Source "ChessBase"]
[SourceQuality "1"]

{[%evp 12,78,26,30,27,29,29,29,29,2,30,25,27,29,27,33,33,31,32,28,31,26,40,19,7,-19,-5,-8,-16,-14,0,0,0,0,0,0,0,0,0,0,0,0,0,0,0,0,0,-3,-3,-3,-3,-3,-3,-3,-3,-3,-3,-55,-56,-751,-732,-704,-337,-681,-631,-4902,-1641,-1241,-1154]} 1. e4 c5 2. Nf3 Nc6 3. Nc3 e5 4. Bc4 Be7 5. d3 d6 6. Nd2 Nf6 7. Nf1 Nd7 {B30: Sicilian: 2...Nc6 3 Bb5, lines without ...g6} 8. Nd5 Nb6 9. Nxb6 axb6 {White has an edge.} 10. Ne3 (10. c3 O-O 11. Ne3 Bg5 12. O-O Kh8 13. a3 f5 14. Nxf5 Bxc1 15. Rxc1 Bxf5 16. exf5 {0-1 (33) Svidler,P (2735)-Carlsen,M (2845) Karlsruhe/Baden Baden 2019}) 10... Bg5 11. O-O O-O 12. a4 Kh8 13. Nd5 $146 ({Predecessor:} 13. c3 f5 14. Nxf5 Bxf5 15. Bxg5 Qxg5 16. exf5 Rxf5 {1-0 (25) Babault,P (2320)-Meynard,T (2288) France 2008}) 13... Bxc1 14. Qxc1 f5 15. exf5 Bxf5 16. f4 Be6 17. Qd2 Bg8 18. f5 Nd4 19. c3 Nxf5 20. Qe2 Bxd5 21. Bxd5 Qd7 22. Qf3 {[#] Strongly threatening g4.} Rf6 23. Bxb7 Raf8 {Threatens to win with ...Ne7.} 24. Bc6 Qd8 {White must now prevent ...Ne7.} 25. Be4 Ne7 26. Qh3 {[%csl Ge4][%cal Rh3h7]} g6 27. Rxf6 Rxf6 28. Qe3 Qc7 29. b4 cxb4 30. cxb4 Qc3 31. Qe1 Qd4+ 32. Kh1 d5 $36 {[%mdl 2048] Black is pushing.} 33. Bf3 Nc6 34. a5 (34. Rb1 $1 $11) 34... Nxb4 $15 35. a6 $2 {[%mdl 8192]} (35. Qg1 $15 bxa5 36. Qxd4 exd4 37. Rxa5) 35... Nxd3 $19 36. Qb1 Nf2+ 37. Kg1 g5 {( -> ...Ne4+). Black is clearly winning.} 38. Qa2 Ng4+ (38... Ne4+ $142 39. Kf1 Nd2+ {[%mdl 64] Double Attack} 40. Ke2 e4 41. Qxd2 exf3+ 42. gxf3 Re6+ 43. Kf1 Qxd2) 39. Kh1 {[#]} Qf4 $1 {Accuracy: White = 65%, Black = 85%.} 0-1

[Event "72nd RUS-ch Superfinal 2019"]
[Site "Izhevsk"]
[Date "2019.08.17"]
[Round "7.1"]
[White "Alekseenko, Kirill"]
[Black "Inarkiev, Ernesto"]
[Result "1/2-1/2"]
[WhiteElo "2650"]
[BlackElo "2693"]
[Annotator "TA"]
[PlyCount "109"]
[EventDate "2019.08.10"]
[EventType "tourn"]
[EventCountry "RUS"]
[SourceTitle "playchess.com"]
[Source "ChessBase"]
[SourceQuality "1"]

{[%evp 21,109,29,31,46,51,58,51,60,60,45,38,38,74,0,0,-19,-22,-21,-16,-37,-17,-21,-29,-17,-16,-16,-8,-15,-17,-17,-17,-12,0,0,0,-30,-17,-179,-77,-66,-58,-53,0,0,0,0,0,0,0,0,8,8,19,19,31,28,22,8,19,0,0,0,0,0,0,0,0,0,0,0,8,0,252,255,246,247,266,266,288,314,220,0,0,0,0,0,0,0,0,0]} 1. e4 e5 2. Nf3 Nc6 3. Bb5 a6 4. Ba4 Nf6 5. O-O Nxe4 6. d4 b5 7. Bb3 d5 8. dxe5 Be6 9. c3 Be7 10. Nbd2 Nc5 11. Bc2 d4 12. Nb3 {[%cal Rb3d4] C83: Open Ruy Lopez: 9 c3 Be7} d3 13. Bb1 Nxb3 14. axb3 {[%cal Ba2b3,Bb3b4][%mdl 32] White is slightly better.} Bf5 15. b4 O-O 16. h3 Qd7 {[#]} 17. g4 $146 ({Better is} 17. Bf4 $16) ({Predecessor:} 17. Bf4 Rfd8 18. g4 Bg6 19. Bg3 h5 {1-0 (56) Caruana,F (2822)-Mamedyarov,S (2801) Saint Louis 2018}) 17... Bg6 $1 $11 18. Bf4 a5 19. bxa5 Rxa5 20. Rxa5 Nxa5 21. e6 $1 {[%cal Re6d7]} fxe6 22. Ne5 Qd5 $1 23. Bg3 (23. Nxg6 $2 hxg6 24. Bxc7 Rf3 $19) 23... d2 $36 {[%mdl 2048] Strongly threatening ...Bxb1. Black has good play.} 24. Bxg6 hxg6 25. Nxg6 {[%mdl 64] Double Attack} Rf7 26. Nf4 Qd6 27. Ng6 Qd5 $1 28. Nf4 Qd7 29. Qc2 $2 {[#]} (29. Qe2 $1 $11 {and White has nothing to worry.}) 29... Bg5 (29... Nc4 $1 $19 {and Black stays clearly on top.} 30. Rd1 Bc5) 30. Ng2 $17 Rf3 {Hoping for ...Qd3.} 31. Rd1 $1 Qd3 ({Black should play} 31... Nc4 $1 $15 32. b3 Na3) 32. Qxd3 $11 Rxd3 33. Bf4 Bxf4 34. Nxf4 {[%mdl 4096] Endgame KRN-KRN} Rd6 {And now ...Nc4 would win.} 35. Kf1 $1 Kf7 36. Ke2 Nb3 37. Nd3 Rd5 38. f4 g5 39. fxg5 Rxg5 40. Kf3 Rd5 41. Ke4 c5 42. h4 c4 43. Ne5+ Kf6 44. g5+ Kg7 45. Nf3 Kg6 46. Ke3 Kf5 $2 {[%mdl 8192]} (46... Rd8 $11 {and Black stays safe.}) 47. Nd4+ $18 ({Inferior is} 47. Nxd2 Rd3+ 48. Ke2 Nxd2 $11) 47... Nxd4 48. cxd4 {KR-KR} Kg4 49. g6 {Threatens to win with g7.} (49. Rxd2 Kxh4 50. g6 Rg5 $14) 49... Kxh4 50. Rh1+ (50. Kxd2 Rxd4+ 51. Ke2 Rg4 $11) ({Not} 50. Rxd2 Rg5 $14) 50... Kg3 {[#]} 51. Kxd2 $2 (51. g7 $1 $18 {[%cal Rg7g8]} Rg5 52. Kxd2 (52. Rg1+ Kh3 $11)) 51... Rxd4+ $11 {The position is equal.} 52. Ke3 Rd3+ $1 53. Ke4 {Black must now prevent g7.} Kg2 54. Rh5 {Rg5+ is the strong threat.} Rg3 55. Rxb5 {Accuracy: White = 66%, Black = 57%.} 1/2-1/2

[Event "72nd RUS-ch Superfinal 2019"]
[Site "Izhevsk"]
[Date "2019.08.17"]
[Round "7.2"]
[White "Sarana, Alexey"]
[Black "Jakovenko, Dmitry"]
[Result "1/2-1/2"]
[WhiteElo "2640"]
[BlackElo "2711"]
[Annotator "TA"]
[PlyCount "107"]
[EventDate "2019.08.10"]
[EventType "tourn"]
[EventCountry "RUS"]
[SourceTitle "playchess.com"]
[Source "ChessBase"]
[SourceQuality "1"]

{[%evp 10,107,22,7,14,5,10,8,20,18,13,13,23,8,0,9,13,9,16,18,17,15,26,41,25,31,35,21,20,26,17,14,20,14,20,18,36,35,35,33,34,30,42,37,50,39,50,32,33,32,30,34,47,39,48,30,95,98,99,99,104,104,104,104,104,104,118,99,99,80,80,80,80,80,80,80,80,80,80,80,80,80,80,80,80,80,80,80,80,80,80,80,80,80,80,80,80,80,80,80]} 1. d4 Nf6 2. c4 e6 3. Nf3 d5 4. Nc3 Be7 5. Bf4 O-O 6. Qc2 c5 {D37: Queen's Gambit Declined: 5 Bf4} 7. dxc5 Na6 {[%cal Bb8a6,Ba6c5,Bc5e4][%mdl 32]} 8. Rd1 Nxc5 {The position is equal.} 9. cxd5 exd5 (9... Nxd5 10. e4 Nxf4 11. Rxd8 Rxd8 12. Ne5 Bf6 13. Nb5 b6 14. b4 Bxe5 15. bxc5 {½-½ (42) Nakamura,H (2791)-Topalov,V (2761) Saint Louis 2016}) 10. e3 Be6 11. Be5 $146 ({Predecessor:} 11. Be2 Rc8 12. O-O Nce4 13. Be5 Nxc3 14. bxc3 {½-½ (37) Chirila,I (2542)-Kiewra,K (2394) Chicago 2015}) 11... Rc8 12. Bd3 Nce4 13. O-O Bb4 14. Qa4 Bxc3 15. bxc3 Nxc3 16. Bxc3 Rxc3 17. Qxa7 Qa8 18. Qd4 Ra3 19. Bb1 Bg4 20. Qf4 Qb8 {Threatening ...Qxf4.} 21. Rd4 Qxf4 22. Rxf4 Bxf3 23. gxf3 Rc8 24. Rb4 Rc7 25. Rd1 Kf8 26. Rd2 Ke7 27. Rdb2 Ra7 28. h4 g6 29. Bc2 Kd6 30. Bb3 Rc5 31. Kg2 b5 32. Bd1 Ne8 (32... Rc1 $11 33. Rd2 Rc5) 33. Rxb5 $16 {White is better.} Rxb5 34. Rxb5 Rxa2 {[#]} 35. Rxd5+ $1 {[%mdl 576] Decoy} Kxd5 36. Bb3+ {[%mdl 64] Double Attack} Kd6 37. Bxa2 {[%mdl 4096] Endgame KB-KN} Ke7 38. Kg3 h6 39. Bb3 f5 40. Ba4 {Strongly threatening Bxe8.} Nd6 41. Bc6 Kf6 42. f4 g5 43. fxg5+ hxg5 44. hxg5+ Kxg5 45. f4+ Kf6 46. Kf3 Nc4 47. Ke2 Nd6 48. Kd3 Nc8 49. Kd4 Ne7 50. Bd5 Ng6 51. Kc5 Ne7 52. Kd6 Nc8+ 53. Kd7 Ne7 54. Bf3 {Accuracy: White = 85%, Black = 79%.} 1/2-1/2

[Event "72nd RUS-ch Superfinal 2019"]
[Site "Izhevsk"]
[Date "2019.08.17"]
[Round "7.3"]
[White "Dreev, Aleksey"]
[Black "Predke, Alexandr"]
[Result "1/2-1/2"]
[WhiteElo "2655"]
[BlackElo "2632"]
[Annotator "TA"]
[PlyCount "80"]
[EventDate "2019.08.10"]
[EventType "tourn"]
[EventCountry "RUS"]
[SourceTitle "playchess.com"]
[Source "ChessBase"]
[SourceQuality "1"]

{[%evp 17,80,26,24,25,18,19,19,7,19,20,24,12,20,19,35,11,16,18,14,22,18,19,31,15,20,18,14,12,23,14,23,18,18,9,10,4,15,0,0,0,0,0,0,0,0,0,0,-6,0,0,0,0,0,0,0,0,0,0,0,0,0,0,0,0,0]} 1. d4 Nf6 2. c4 e6 3. Nc3 Bb4 4. Qc2 d5 5. a3 Bxc3+ 6. Qxc3 Ne4 7. Qc2 c5 8. dxc5 Nc6 9. Nf3 Qa5+ ({Don't play} 9... Nxc5 10. b4 $16) 10. Bd2 {E37: Nimzo-Indian: Classical: 4...d5 5 a3 Bxc3+ 6 Qxc3 Ne4} Qxc5 11. e3 Nxd2 12. Nxd2 dxc4 13. Bxc4 O-O 14. b4 Qe7 15. O-O Bd7 16. Qb2 Rfd8 {[#]} 17. Be2 $146 ({Predecessor:} 17. Rac1 Be8 {0-1 (50) Ponomariov,R (2714)-Radjabov,T (2734) Beijing 2014}) 17... Be8 18. Rfd1 Rac8 19. Rac1 Nb8 20. h3 Ba4 21. Rxc8 Rxc8 22. Rc1 Rxc1+ 23. Qxc1 {[#] Black must now prevent Qc8+.} Qd8 24. Ne4 Bc6 {The position is equal.} 25. Nc5 {Threatens to win with b5.} b6 26. Na6 {Nxb8 is the strong threat.} Bb7 27. Nxb8 Qxb8 28. Qd1 Qc7 29. Qa4 {[%cal Ra4e8] [#]} Qc6 30. Qxc6 Bxc6 $11 {[%mdl 4096] Endgame KB-KB} 31. h4 Kf8 32. f3 Ke7 33. e4 e5 34. Kf2 h6 35. Bc4 g5 36. hxg5 hxg5 37. Ke3 Bd7 38. g4 f6 39. Kd2 Kd6 40. Kc3 Be8 {Accuracy: White = 79%, Black = 77%.} 1/2-1/2

[Event "72nd RUS-ch Superfinal 2019"]
[Site "Izhevsk"]
[Date "2019.08.17"]
[Round "7.4"]
[White "Vitiugov, Nikita"]
[Black "Motylev, Alexander"]
[Result "1/2-1/2"]
[WhiteElo "2727"]
[BlackElo "2654"]
[Annotator "TA"]
[PlyCount "109"]
[EventDate "2019.08.10"]
[EventType "tourn"]
[EventCountry "RUS"]
[SourceTitle "playchess.com"]
[Source "ChessBase"]
[SourceQuality "1"]

{[%evp 9,109,-12,58,56,41,20,34,50,47,62,44,17,114,120,124,48,51,47,57,47,104,91,187,56,123,128,120,115,122,127,110,102,112,94,92,89,100,98,106,103,109,105,110,85,127,128,420,165,411,123,128,114,113,111,118,113,127,85,106,91,107,95,97,81,98,48,78,19,16,0,18,29,32,22,26,22,29,13,35,18,21,23,38,14,31,6,12,0,20,16,31,0,0,0,0,0,0,-8,0,0,0,0]} 1. Nf3 d5 2. c4 d4 3. b4 c5 4. Bb2 Nf6 (4... a5 5. bxc5 Nc6 6. d3 e5 7. Ba3 Nf6 8. Nbd2 Be7 9. g3 O-O 10. Bg2 Nd7 11. Ne4 Nb4 12. O-O {0-1 (64) Andreikin,D (2713)-Khairullin,I (2658) Khanty-Mansiysk 2013}) 5. g3 Nbd7 (5... a5 $11) 6. Bg2 $146 {A09: Réti Opening: 1 Nf3 d5 2 c4} ({Predecessor:} 6. d3 e5 7. b5 e4 8. dxe4 Nxe4 9. Bg2 Nd6 10. Nbd2 Nb6 11. Rc1 Be6 12. Ne5 {0-1 (49) Stekel Grunberg,M-Sanguineti,R Fortaleza 1975}) 6... e5 7. O-O cxb4 8. a3 {White is slightly better.} bxa3 9. Nxa3 Be7 10. e3 O-O (10... dxe3 $1 $11 11. dxe3 Qc7) 11. exd4 $16 exd4 12. Nxd4 (12. Bxd4 $16 Nc5 13. Bxc5 Bxc5 14. d4) 12... Nc5 $14 13. Nac2 Bg4 14. Qb1 Nce4 (14... Re8 $14) 15. Qe1 $16 Nc5 {[#]} (15... Ng5 $16) 16. Ne3 (16. Bxb7 $1 $18 {[%mdl 512]} Nxb7 17. Nc6 {[%mdl 64] Double Attack}) 16... Nd3 (16... Re8 $14) 17. Qb1 Nxb2 18. Qxb2 Bc5 19. Nb3 $1 {[%cal Rb3c5]} Bxe3 20. fxe3 Rc8 21. Rxa7 Be2 22. Rf4 (22. Bxb7 Bxf1 23. Bxc8 Qxc8 $15) 22... Bxc4 23. Nd4 Bd3 24. Rxb7 {Threatens to win with Nc6.} Qd6 25. Rb6 Qc5 26. Nc6 Rc7 27. Rb8 {And now Rd4 would win.} Bg6 $2 {[%mdl 8192] [#]} (27... Be4 $16 {was necessary.}) 28. Rxf8+ $2 (28. Rc4 $3 {[%mdl 512]} Qd6 (28... Qxc4 29. Rxf8+) 29. Rd4 Rxc6 30. Rxd6 Rxd6 31. Rxf8+ Kxf8 32. Qb4 $1 {[%mdl 512]}) 28... Kxf8 $2 {[#]} (28... Qxf8 29. Rb4 Rc8) 29. Qb8+ $2 ({Weaker is} 29. Rxf6 gxf6 30. Qb8+ Kg7 $16) (29. Rc4 $1 $18 {[%mdl 512]} Qd6 (29... Qxc4 30. Qa3+) 30. Rd4 Rxc6 31. Rxd6 Rxd6 {[#]} 32. Qb4 $1 {[%mdl 512]}) 29... Ne8 30. Nd4 {Strongly threatening Ne6+.} Qd6 {Hoping for ...Rc1+.} 31. Rf1 Bd3 32. Re1 Qc5 33. Bf1 Bg6 34. Ra1 Rc8 35. Qf4 {aiming for Ne6+.} Kg8 36. Bh3 Rd8 37. Bg2 h6 38. Nf3 (38. Qf1 $16) 38... Nf6 $11 39. Nd4 Qb4 40. Rd1 Kh7 41. h3 Rc8 42. Kh2 Qb2 43. g4 Rd8 44. Qc7 Rd7 45. Qe5 Rd8 46. Kg3 Re8 47. Qc7 Qb4 48. Bf3 Ne4+ 49. Bxe4 $1 Rxe4 50. Nf3 Re7 {The position is equal.} 51. Qd8 Be4 52. Rf1 Qb7 53. Qd4 Rd7 54. Qe5 Bxf3 55. Qf5+ {Accuracy: White = 46%, Black = 39%.} 1/2-1/2

[Event "72nd RUS-ch Superfinal 2019"]
[Site "Izhevsk"]
[Date "2019.08.17"]
[Round "7.5"]
[White "Tomashevsky, Evgeny"]
[Black "Artemiev, Vladislav"]
[Result "1-0"]
[WhiteElo "2702"]
[BlackElo "2761"]
[Annotator "TA"]
[PlyCount "71"]
[EventDate "2019.08.10"]
[EventType "tourn"]
[EventCountry "RUS"]
[SourceTitle "playchess.com"]
[Source "ChessBase"]
[SourceQuality "1"]

{[%evp 19,71,11,10,29,22,-1,62,57,54,58,58,61,60,58,47,62,43,40,27,42,46,50,50,45,41,47,87,105,105,88,114,116,116,127,121,122,514,383,969,828,828,828,828,828,821,821,814,814,814,801,793,713,777,679]} 1. d4 Nf6 2. c4 g6 3. Nf3 Bg7 4. g3 d5 5. cxd5 Nxd5 6. Bg2 Nb6 7. O-O Nc6 8. e3 O-O 9. Nc3 Re8 10. h3 e5 11. d5 {D76: Fianchetto Grünfeld: Main Line with 7...Nb6} Na5 12. Qc2 (12. e4 c6 13. Bg5 f6 14. Be3 Nac4 15. Bxb6 Nxb6 16. Qb3 cxd5 17. exd5 Bd7 18. Rfd1 Rc8 {1-0 (40) Corrales Jimenez,F (2559)-Salem,A (2672) chess.com INT 2019}) 12... Nac4 ({Avoid the trap} 12... Nxd5 $2 13. Rd1 $18) (12... c6 $11) 13. e4 {White is slightly better.} Bd7 14. b3 Nd6 15. a4 a5 16. Rd1 f5 $146 ({Predecessor:} 16... Qc8 17. Kh2 f5 18. Be3 Rf8 {1-0 (55) Delorme,A (2484)-Olofsson Dolk,M (2253) Helsingor 2015}) 17. Ng5 Qf6 18. Ne6 Bxe6 19. dxe6 Qxe6 20. exf5 Nxf5 21. Nb5 (21. Bxb7 Rab8 $15) 21... Nd4 22. Qxc7 Nxb5 23. axb5 e4 24. Rb1 Nd5 25. Qxb7 Nc3 26. Bb2 Rab8 {[#]} 27. Qa7 $1 $40 {[%mdl 128] Threatens to win with Rd7. White is out for blood.} Qxb3 $2 {[%mdl 8192]} (27... Qb6 $16 {is tougher.} 28. Qxb6 Rxb6) 28. Bxe4 {[%mdl 64] Pin} Bf6 $2 {[#]} ({But not} 28... Ne2+ $2 {[#]} 29. Kg2 $1 $18 {[%mdl 512]}) (28... Rbd8) 29. Bd5+ $1 {[%mdl 512] White is clearly winning.} Nxd5 30. Bxf6 {[%csl Gf6][%cal Ra7g7][%mdl 64] Discovered Attack} Qxd1+ 31. Rxd1 {[%csl Gf6][%cal Ra7g7]} Nxf6 32. Rd6 Re1+ 33. Kg2 Rf8 34. Qxa5 Re2 35. Rd2 Re5 36. Rd8 {Accuracy: White = 87%, Black = 49%.} 1-0